Forestry law, និតិកម្មព្រៃឈើ (Record no. 9327)
[ view plain ]
| 000 -LEADER | |
|---|---|
| fixed length control field | 00284nam a22001097a 4500 |
| 040 ## - CATALOGING SOURCE | |
| Transcribing agency | SY |
| 082 ## - DEWEY DECIMAL CLASSIFICATION NUMBER | |
| Classification number | 98 |
| 100 ## - MAIN ENTRY--AUTHOR NAME | |
| Personal name | CHIP BUNTHAVIN; ជីប ប៊ុនថាវិន |
| 245 ## - TITLE STATEMENT | |
| Title | Forestry law, និតិកម្មព្រៃឈើ |
| 260 ## - PUBLICATION, DISTRIBUTION, ETC. (IMPRINT) | |
| Place of publication | RUA |
| Name of publisher | CHI |
| Year of publication | 2008 |
| 942 ## - ADDED ENTRY ELEMENTS (KOHA) | |
| Koha item type | សៀវភៅភាសាខ្មែរ |
| 952 ## - LOCATION AND ITEM INFORMATION (KOHA) | |
| Withdrawn status [LOCAL, KOHA] | 0 |
| Permanent Location | Date acquired | Koha item type | Lost status | Shelving location | Barcode | Current Location | Full call number |
|---|---|---|---|---|---|---|---|
| Library Block C | 2016-08-31 | សៀវភៅភាសាខ្មែរ | C305 | RUA41464 | Library Block C | 98 CHI 2008 C305 |